Регионална библиотека "Любен Каравелов" - Русе

Vysivky (Запис номер 211529)

MARC детайли
000 -Лидер
Контролно поле с фиксирана дължина 00908nkm a2200313 c 4500
003 - Код на организацията, давaща контролен номер
Контролно поле BLK
005 - Дата и час на последна редакция
Контролно поле 20200429152844.0
008 - Елементи от данни с фиксирана дължина
fixed length control field 180412b bul rap|r|||| r0| ||bulo|
010 ## - Наследен системен номер
LC control number KNG00184038000
040 ## - Източник на каталожния запис
Идентификатор на билиотеката - собственик на записа BLK
041 ## - Код за език
Код за езика на текст/звукозапис или на отделно заглавие Словашки
Код за езика КДБФ Други
080 ## - УДК
Текстов определител УДК Художествени ръкоделия
УДК код - определител по УДК 746
УДК - код + определител 746
100 1# - Редна дума - Автор
Автор Mannova, Marta
Авторска отговорност първи автор
R(LIN) 17767
139 ## - Редно поле
Редна дума Mannova, Marta
Авторски знак Mann - M 25
Feature heading М 27 М
245 10 - Сведения за заглавието
Заглавие Vysivky
Редно поле (дума) Marta Mannova.
257 ## - Страна на издаване
Страна на създаване/издаване Словакия
260 ## - Област на издателските данни
Име на издателя, разпространителя и проч. Praca
Година на издаване 1975
300 ## - Физическа характеристика
Страници 152 p.
Илюстрации и др. ill.
Размери/Мащаб 28 cm
380 ## - Жанр
Жанр Изкуство
650 #4 - Допълнително описание по предмет – тема
Основно описание – тема или топоним Художествени ръкоделия
9 (RLIN) 283672
653 ## - Ключова дума – ненормативна
Ключова дума ръкоделие
653 ## - Ключова дума – ненормативна
Ключова дума бродерия
653 ## - Ключова дума – ненормативна
Ключова дума шевици
852 ## - Местоположение
Форматна сигнатура Цб Гр А ІІ 2250
856 4# - Електронен адрес и достъп
Електронен формат pdf - файл
Път до файла /url/
856 4# - Електронен адрес и достъп
Електронен формат pdf - файл
Път до файла /url/
999 ## - СИСТЕМНИ КОНТРОЛНИ НОМЕРА
Koha biblionumber 211529
Koha biblioitemnumber 211529
942 ## - АРТИКУЛИ
Вид на библиотечния материал Графични издания
Скрит в OPAC Не
Периодичен библиозапис Да
944 ## - СЪЗДАВАНЕ И РЕДАКЦИЯ на ЗАПИСА
Създаване/Редакция Създаване
Дата на регистрацията/редакция 22.10.2015
Служител, извършил регистрацията/редакцията Камелия_Данева
944 ## - СЪЗДАВАНЕ И РЕДАКЦИЯ на ЗАПИСА
Създаване/Редакция Редакция
Дата на регистрацията/редакция 26.10.2015
Служител, извършил регистрацията/редакцията Ирена_Линкова
999 ## - СИСТЕМНИ КОНТРОЛНИ НОМЕРА
Koha biblioitemnumber 211529
Наличности
Код за отписване Код за изгубен артикул Източник на класификационната схема Код за повреда Коз за рестрикции Код за отдаване Артикулен № Име на библиотеката - собственик Име на библиотеката, в която се намира в момента Статус (Текущо местоположение) Дата на вписване в системата Местоположение - отдел Цена в лева Инвентарен номер Систематично азбучна сигнатура Баркод Номер на екземпляра Цена в евро Служебна бележка Служебен тип на артикула
  Не е изгубен Universal Decimal Classification Не е повреден без рестрикции заемане за дома 363468 Регионална библиотека "Любен Каравелов" Русе Регионална библиотека "Любен Каравелов" Русе Отдел Изкуство - подръчен фонд 1975-01-01 Отдел Изкуство - подръчен фонд 5.00 207121 745/749/М 27 М 120000207121 1 2.56 Дост: Pk Вид: Ф N: стар фонд Дата: 01.01.1975 Графични издания
Vip Innovations Ltd, Rousse, Bulgaria 2025